LIBRARY & INFORMATION CENTRE, KCAET, TAVANUR

ONLINE PUBLIC ACCESS CATALOGUE (OPAC)

Improved design and installation of an economic rooftop rainwater harvesting system (Record no. 15134)

MARC details
000 -LEADER
fixed length control field 00866nam a22002297a 4500
003 - CONTROL NUMBER IDENTIFIER
control field OSt
088 ## - REPORT NUMBER
Report number P 211
100 ## - MAIN ENTRY--AUTHOR NAME
Personal name ABHISHEK S
245 ## - TITLE STATEMENT
Title Improved design and installation of an economic rooftop rainwater harvesting system
260 ## - PUBLICATION, DISTRIBUTION, ETC. (IMPRINT)
Place of publication Tavanur 2010
Name of publisher Department of Land and Water Resources and Conservation Engineering
300 ## - PHYSICAL DESCRIPTION
Number of Pages 67
500 ## - GENERAL NOTE
General note Improved design and installation of an economic rooftop rainwater harvesting system
520 ## - SUMMARY, ETC.
Summary, etc Improved design and installation of an economic rooftop rainwater harvesting system
700 ## - ADDED ENTRY--PERSONAL NAME
Personal name Ajesh Kumar V
700 ## - ADDED ENTRY--PERSONAL NAME
Personal name Deepak P. H
700 ## - ADDED ENTRY--PERSONAL NAME
Personal name Harisankar C
700 ## - ADDED ENTRY--PERSONAL NAME
Personal name Vishnu M. M
700 ## - ADDED ENTRY--PERSONAL NAME
Personal name Er. Renukakumari J (Guide)
856 ## - ELECTRONIC LOCATION AND ACCESS
Uniform Resource Identifier https://drive.google.com/open?id=1lI4_eNTo48aUrLK87gUov38i6FOo9UZ0
942 ## - ADDED ENTRY ELEMENTS (KOHA)
Koha item type Project Report
Holdings
Collection code Home library Current library Shelving location Full call number Accession Number Koha item type
Reference KAUAET KAUAET Reference 631.75807 ABH/IM P 211 Project Report
free website counter